000 00375cam a2200145ua 4500
003 OSt
008 250104b |||||||| |||| 00| 0 eng d
041 _aeng
082 _a621.381
_bLAL/EL
100 _aKishore , Lal K .
_96760
245 _aElectronic devices and circuit analysis /
260 _a :
_bB S P Professional books ,
_c2004.
300 _a844 ; .
942 _cBK
999 _c13156
_d13156